01532pab a2200169 454500008004000000100001900040245008600059260000900145300001500154362001200169520103700181650002701218650002601245700002001271700002001291773005101311180718b2013 xxu||||| |||| 00| 0 eng d aJamil, Ishtiaq aUnderstanding administrative culture: Some theoretical and methodological remarks c2013 ap.900-909. aOct-Dec aThe article highlights five aspects of administrative culture. It first describes different ways of conceptualizing administrative culture. The second aspect is the ontology of administrativeculture, two views of which are presented. The first of these sees organizational culture as a dependent variable that can be manipulated and altered to reflect management and leadership preferences; the other views organizations as miniature societies reflecting broader societalculture. Change is more path dependent than rationally arranged at will. The third aspect ofadministrative culture concerns epistemology, focusing on how knowledge about culture is created, how a researcher may carry out inquiry, and what the inquiry, and what the inquiry is about. The fourth aspect - the axiology of administrative culture - concerns the appropriate administrative norms and ethical standards of public officials. Finally, the methodological aspect points to how to study and capture different aspects of administrative culture. - Reproduced. aAdministrative culture aPublic administration aHossain, Farhad aAskvik, Steinar aInternational Journal of Public Administration